Govt. of
Madhya Pradesh

Modernisation Of Library Service (Record no. 13952)

MARC details
000 -LEADER
fixed length control field 004170000a22001570004500
001 - CONTROL NUMBER
control field 002036
003 - CONTROL NUMBER IDENTIFIER
control field MACL
040 ## - CATALOGING SOURCE
Original cataloging agency MACL
090 ## - LOCALLY ASSIGNED LC-TYPE CALL NUMBER (OCLC); LOCAL CALL NUMBER (RLIN)
-- 14029
-- 14028
100 ## - MAIN ENTRY--PERSONAL NAME
Personal name Chakrabati, Bhubaneswar
245 ## - TITLE STATEMENT
Title Modernisation Of Library Service
Statement of responsibility, etc. Bhubaneswar Chakrabati
260 ## - PUBLICATION, DISTRIBUTION, ETC. (IMPRINT)
Place of publication, distribution, etc. West Bengal govt. College Teacher 's Association,
Date of publication, distribution, etc. 2000
350 ## - PRICE (NR) (BK AM CF MU VM SE) [OBSOLETE]
Price 150
650 ## - SUBJECT ADDED ENTRY--TOPICAL TERM
Topical term or geographic name as entry element Library & Information Science
942 ## - ADDED ENTRY ELEMENTS (KOHA)
Call number prefix 26
Koha item type Library Membar
Holdings
Withdrawn status Lost status Source of classification or shelving scheme Damaged status Not for loan Home library Current library Date acquired Total Checkouts Full call number Barcode Date last seen Uniform Resource Identifier Price effective from Koha item type
          MACL MACL 01/07/2015   025.5/CHA CRE015008 02/05/2024 13831 15/04/2015 Books